Formule 1 - Numéro des pilotes - Statistiques

Statistiques générales
  • Ce quiz a été pris 9 381 fois
    201 depuis la dernière actualisation
  • Le résultat moyen est 27 sur 46
Statistiques - réponses
Numéor Pilotes % Correct
1 Sebastian Vettel / Max Verstappen / Lando Norris
100%
3 Daniel Ricciardo / Max Verstappen
99%
44 Lewis Hamilton
94%
4 Max Chilton / Lando Norris
93%
10 Kamui Kobayashi / Pierre Gasly
92%
33 Max Verstappen
91%
16 Charles Leclerc
90%
5 Sebastian Vettel / Gabriel Bortoleto
90%
6 Nico Rosberg / Nicholas Latifi / Isack Hadjar
88%
77 Valterri Bottas
88%
11 Sergio Pérez
87%
14 Fernando Alonso
85%
31 Esteban Ocon
83%
12 Felipe Nasr / Andrea Kimi Antonelli
80%
55 Carlos Sainz Jr.
79%
63 George Russell
79%
22 Jenson Button / Yuki Tsunoda
79%
81 Oscar Piastri
79%
7 Kimi Räikkönen / Jack Doohan
75%
27 Nico Hülkenberg
75%
18 Lance Stroll
74%
17 Jules Bianchi
71%
87 Ollie Bearman
69%
23 Alexander Albon
67%
30 Jolyon Palmer / Liam Lawson
65%
47 Mick Schumacher
64%
43 Franco Colapinto
59%
20 Kevin Magnussen
55%
41 Arvid Lindblad
49%
8 Romain Grosjean
49%
9 Marcus Ericsson / Nikita Mazepin
47%
2 Stoffel Vandoorne / Logan Sargeant
47%
24 Zhou Guanyu
45%
19 Felipe Massa
37%
99 Adrian Sutil / Antonio Giovinazzi
36%
21 Esteban Gutiérrez / Nyck De Vries
28%
26 Daniil Kvyat
25%
88 Rio Haryanto / Robert Kubica
25%
13 Pastor Maldonado
23%
25 Jean-Éric Vergne
14%
35 Sergey Sirotkin
12%
28 Will Stevens / Brendon Hartley
11%
89 Jack Aitken
7%
94 Pascal Wehrlein
7%
53 Alexander Rossi
5%
98 Roberto Merhi
4%
Aucun quiz correspondant
Distribution des résultats
% des personnes avec chaque résultat
Percentile par nombre de réponses
Votre historique - résultats
Vous n’avez pas pris ce quiz depuis la dernière actualisation